Music Quiz

Random Music or Album Quiz

The White Stripes Albums Quiz Stats

 Plays Quiz Updated Feb 21, 2020

     
Support Sporcle.
Go Orange.
Score 0/6 Timer 02:00
2 Plays Today
Year Album title % Correct
2003Elephant
90.1%
1999The White Stripes
82.4%
2001White Blood Cells
77.4%
2007Icky Thump
76.2%
2005Get Behind Me Satan
68.3%
2000De Stijl
57.3%

From the Vault

Movie Title Bar and Line Graphs

by MrChewypoo

Movies 4m
Just when you thought that graphs couldn't get any more fun.
Remove Ads.
Support Sporcle.
Get the best of Sporcle when you Go Orange. This ad-free experience offers more features, more stats, and more fun while also helping to support Sporcle. Thank you for becoming a member.

Show Comments

Extras

Top Quizzes Today


Score Distribution

Your Account Isn't Verified!

In order to create a playlist on Sporcle, you need to verify the email address you used during registration. Go to your Sporcle Settings to finish the process.

Report this User

Report this user for behavior that violates our Community Guidelines.

Details: